000 00941nam a2200253Ia 4500
003 OSt
005 20220918111956.0
006 a|||||r|||| 00| 0
007 ta
008 220915b |||||||| |||| 00| 0 hin d
024 _a184453
037 _cTextbook
040 _bhin
_aARTS
_cARTS
041 _ahin
082 _aO152,1vL, L3
100 _aजैन, प्रेमचन्द्र
_911561
245 0 _aअपभंश कथाकाव्य एवं हिन्दी प्रमाख्यानक
246 _aApabhansha kathākāvya evan hindī pramākhyānaka
260 _aअमृतसर
_bजैनधर्म प्रचारक समिति प्रका0 भारत
_c1973
300 _a366 पृ0
_ccm.
650 _aहिन्दी साहित्य
942 _hO152,1vL, L3
_cTB
_2CC
999 _c117635
_d117635